Вып. 52: Работы по физико-химии и технологии силикатов; Труды Ленинградского технологического института имени Ленинградского совета (Ленсовета)

Bibliografische gegevens
Parent link:Труды Ленинградского технологического института имени Ленинградского совета (Ленсовета): [сборник]/ Ленинградский технологический институт им. Ленсовета (ЛТИ). Вып. 52: Работы по физико-химии и технологии силикатов.— , 1945-
Andere auteurs: Евстропьев К. С. (редактор)
Taal:Russisch
Gepubliceerd in: 1961
Onderwerpen:
Formaat: Boek
KOHA link:https://koha.lib.tpu.ru/cgi-bin/koha/opac-detail.pl?biblionumber=343606

MARC

LEADER 00000nam2a2200000 4500
001 343606
005 20231102005557.0
035 |a (RuTPU)RU\TPU\book\374016 
035 |a RU\TPU\book\373946 
035 |a RU\TPU\book\347062 
090 |a 343606 
100 |a 20191010d1961 k y0rusy50 ca 
101 0 |a rus 
102 |a RU 
105 |a a z 001zy 
200 0 |a Вып. 52: Работы по физико-химии и технологии силикатов  |f под ред. К. С. Евстропьева 
210 |d 1961 
215 |a 195 с.  |c ил. 
320 |a Библиогр. в конце ст. 
461 1 |0 (RuTPU)RU\TPU\book\345898  |t Труды Ленинградского технологического института имени Ленинградского совета (Ленсовета)  |o [сборник]  |f Ленинградский технологический институт им. Ленсовета (ЛТИ)  |v Вып. 52: Работы по физико-химии и технологии силикатов  |d 1945- 
606 1 |a Химическая технология  |x Процессы  |2 stltpush  |3 (RuTPU)RU\TPU\subj\31251  |9 54153 
606 1 |a Силикаты  |x Химическая технология  |2 stltpush  |3 (RuTPU)RU\TPU\subj\34482  |9 56417 
610 1 |a стекло 
610 1 |a электропроводность 
610 1 |a электронная проводимость 
610 1 |a эмали 
610 1 |a теплообмен 
610 1 |a ячеистая керамика 
610 1 |a глушение 
675 |a 66.021  |v 4 
675 |a 666  |v 4 
702 1 |a Евстропьев  |b К. С.  |4 340 
801 1 |a RU  |b 63413507  |c 20160905 
801 2 |a RU  |b 63413507  |c 20191010  |g RCR 
942 |c BK